| 000 | 00414cam a2200169ua 4500 | ||
|---|---|---|---|
| 020 | _c3.00 | ||
| 041 |
_amal _h |
||
| 082 |
_a894.812308 _bPAD/PR |
||
| 100 | _aPadmanabhan, T. | ||
| 245 |
_aPrakasham parathunna penkutty / _cT.Padmanabhan. _hTextual Documents |
||
| 260 |
_aThrissur : _bCurrent Books , _c1959. |
||
| 300 | _a200 ; . | ||
| 365 | _a3.00 | ||
| 504 | _a | ||
| 942 | _cBK | ||
| 999 |
_c6629 _d6629 |
||